Movies Quiz

Random Movies or Cast Quiz

Charles Chaplin Films Cast Quiz Stats

 Plays Quiz not verified by Sporcle

Challenge
Share
Tweet
Embed
Score 0/152 Timer 15:00
0 Plays Today
Hint Answer % Correct
Caught in the Rain (1914)Charles Chaplin
100%
The Property Man (1914)Charles Chaplin
100%
His Trysting Place (1914)Charles Chaplin
100%
A Burlesque on Carmen (1915)Charles Chaplin
100%
The Floorwalker (1916)Charles Chaplin
100%
The Fireman (1916)Charles Chaplin
100%
The Vagabond (1916)Charles Chaplin
100%
One A.M. (1916)Charles Chaplin
100%
The Pawnshop (1916)Charles Chaplin
100%
The Immigrant (1917)Charles Chaplin
100%
The Bond (1918)Charles Chaplin
100%
Shoulder Arms (1918)Charles Chaplin
100%
Sunnyside (1919)Charles Chaplin
100%
A Day's Pleasure (1919)Charles Chaplin
100%
The Kid (1921)Charles Chaplin
100%
The Idle Class (1921)Charles Chaplin
100%
Nice and Friendly (1922)Charles Chaplin
100%
Pay Day (1922)Charles Chaplin
100%
The Gold Rush (1925)Charles Chaplin
100%
The Circus (1928)Charles Chaplin
100%
City Lights (1931)Charles Chaplin
100%
Modern Times (1936)Charles Chaplin
100%
The Great Dictator (1940)Charles Chaplin
100%
Monsieur Verdoux (1947)Charles Chaplin
100%
Limelight (1952)Charles Chaplin
100%
Limelight (1952)Sydney Earl Chaplin
100%
A King in New York (1957)Charles Chaplin
100%
A Countess from Hong Kong (1967)Sydney Chaplin
100%
A King in New York (1957)Michael Chaplin
100%
A Countess from Hong Kong (1967)Geraldine Chaplin
100%
A Countess from Hong Kong (1967)Charles Chaplin
100%
Shoulder Arms (1918)Sydney Chaplin
100%
Modern Times (1936)Paulette Goddard
65.6%
The Great Dictator (1940)Paulette Goddard
65.6%
A Countess from Hong Kong (1967)Sophia Loren
50%
The Kid (1921)Jackie Coogan
46.9%
Nice and Friendly (1922)Jackie Coogan
46.9%
A Countess from Hong Kong (1967)Marlon Brando
37.5%
His Trysting Place (1914)Mabel Normand
34.4%
A Burlesque on Carmen (1915)Edna Purviance
31.3%
The Floorwalker (1916)Edna Purviance
31.3%
The Fireman (1916)Edna Purviance
31.3%
The Immigrant (1917)Edna Purviance
31.3%
The Bond (1918)Edna Purviance
31.3%
Shoulder Arms (1918)Edna Purviance
31.3%
Sunnyside (1919)Edna Purviance
31.3%
A Day's Pleasure (1919)Edna Purviance
31.3%
The Kid (1921)Edna Purviance
31.3%
The Idle Class (1921)Edna Purviance
31.3%
Pay Day (1922)Edna Purviance
31.3%
A Woman of Paris (1923)Edna Purviance
31.3%
Hint Answer % Correct
The Great Dictator (1940)Jack Oakie
31.3%
Limelight (1952)Buster Keaton
31.3%
The Vagabond (1916)Edna Purviance
31.3%
The Pawnshop (1916)Edna Purviance
31.3%
The Kid (1921)Carl Miller
25%
A Woman of Paris (1923)Carl Miller
25%
Limelight (1952)Claire Bloom
25%
Caught in the Rain (1914)Mack Swain
21.9%
The Property Man (1914)Phyllis Allen
21.9%
His Trysting Place (1914)Mack Swain
21.9%
His Trysting Place (1914)Phyllis Allen
21.9%
The Idle Class (1921)Mack Swain
21.9%
Pay Day (1922)Phyllis Allen
21.9%
Pay Day (1922)Mack Swain
21.9%
The Gold Rush (1925)Mack Swain
21.9%
A Burlesque on Carmen (1915)Leo White
18.8%
The Floorwalker (1916)Leo White
18.8%
Shoulder Arms (1918)Tom Wilson
18.8%
The Gold Rush (1925)Georgia Hale
18.8%
The Circus (1928)Merna Kennedy
18.8%
The Circus (1928)George Davis
18.8%
City Lights (1931)Florence Lee
18.8%
Monsieur Verdoux (1947)Martha Raye
18.8%
The Fireman (1916)Leo White
18.8%
The Vagabond (1916)Leo White
18.8%
Caught in the Rain (1914)Alice Davenport
15.6%
The Property Man (1914)Alice Davenport
15.6%
A Burlesque on Carmen (1915)John Rand
15.6%
The Floorwalker (1916)Eric Campbell
15.6%
The Floorwalker (1916)Lloyd Bacon
15.6%
The Floorwalker (1916)Albert Austin
15.6%
The Fireman (1916)Lloyd Bacon
15.6%
The Fireman (1916)Albert Austin
15.6%
The Fireman (1916)John Rand
15.6%
The Vagabond (1916)Lloyd Bacon
15.6%
The Vagabond (1916)Albert Austin
15.6%
The Vagabond (1916)John Rand
15.6%
The Pawnshop (1916)Albert Austin
15.6%
One A.M. (1916)Albert Austin
15.6%
The Pawnshop (1916)John Rand
15.6%
The Pawnshop (1916)Eric Campbell
15.6%
The Immigrant (1917)Henry Bergman
15.6%
The Immigrant (1917)John Rand
15.6%
Shoulder Arms (1918)Henry Bergman
15.6%
The Idle Class (1921)Henry Bergman
15.6%
Nice and Friendly (1922)Edwina Mountbatten
15.6%
Nice and Friendly (1922)Louis Mountbatten
15.6%
The Gold Rush (1925)Henry Bergman
15.6%
The Circus (1928)Al Ernest Garcia
15.6%
City Lights (1931)Virginia Cherrill
15.6%
City Lights (1931)Al Ernest Garcia
15.6%
Hint Answer % Correct
Modern Times (1936)Henry Bergman
15.6%
Modern Times (1936)Al Ernest Garcia
15.6%
Monsieur Verdoux (1947)Irving Bacon
15.6%
The Circus (1928)Henry Bergman
15.6%
The Idle Class (1921)Al Ernest Garcia
15.6%
Pay Day (1922)Al Ernest Garcia
15.6%
Pay Day (1922)Henry Bergman
15.6%
The Fireman (1916)Eric Campbell
15.6%
The Immigrant (1917)Albert Austin
15.6%
The Immigrant (1917)Eric Campbell
15.6%
The Vagabond (1916)Eric Campbell
15.6%
The Pawnshop (1916)Henry Bergman
15.6%
The Property Man (1914)Charles Bennett
12.5%
A Woman of Paris (1923)Clarence Geldart
12.5%
The Gold Rush (1925)Tom Murray
12.5%
The Gold Rush (1925)Malcolm Waite
12.5%
The Circus (1928)Harry Crocker
12.5%
The Great Dictator (1940)Henry Daniell
12.5%
Limelight (1952)Norman Lloyd
12.5%
A Countess from Hong Kong (1967)Margaret Rutherford
12.5%
A Woman of Paris (1923)Lydia Knott
9.4%
City Lights (1931)Harry Myers
9.4%
Modern Times (1936)Tiny Sandford
9.4%
The Great Dictator (1940)Bill Gilbert
9.4%
Limelight (1952)Nigel Bruce
9.4%
A King in New York (1957)Oliver Johnston
9.4%
A King in New York (1957)Sidney James
9.4%
A Countess from Hong Kong (1967)Oliver Johnston
9.4%
A Woman of Paris (1923)Adolphe Menjou
9.4%
The Circus (1928)Tiny Sandford
9.4%
Modern Times (1936)Richard Alexander
9.4%
A Countess from Hong Kong (1967)John Paul
9.4%
A Woman of Paris (1923)Charles K. French
6.3%
City Lights (1931)Hank Mann
6.3%
Modern Times (1936)Chester Conklin
6.3%
The Great Dictator (1940)Reginald Gardiner
6.3%
Monsieur Verdoux (1947)Isobel Elsom
6.3%
Monsieur Verdoux (1947)Margaret Hoffman
6.3%
Monsieur Verdoux (1947)Marilyn Nash
6.3%
A King in New York (1957)Maxine Audley
6.3%
A King in New York (1957)Jerry Desmonde
6.3%
A King in New York (1957)Dawn Addams
6.3%
A Countess from Hong Kong (1967)Tippi Hedren
6.3%
A Countess from Hong Kong (1967)Patrick Cargill
6.3%
A Countess from Hong Kong (1967)Michael Medwin
6.3%
Modern Times (1936)Stanley Blystone
6.3%
Modern Times (1936)Hank Mann
6.3%
The Great Dictator (1940)Maurice Moscovich
6.3%
Monsieur Verdoux (1947)William Frawley
6.3%
A Countess from Hong Kong (1967)Angela Scoular
6.3%

You're not logged in!

Compare scores with friends on all Sporcle quizzes.
Join for Free
OR
Log In

You Might Also Like...

Show Comments

Extras

Created Feb 4, 2017ReportNominate
Tags:Cast Quiz, chaplin

Top Quizzes Today


Score Distribution

Your Account Isn't Verified!

In order to create a playlist on Sporcle, you need to verify the email address you used during registration. Go to your Sporcle Settings to finish the process.

Report this User

Report this user for behavior that violates our Community Guidelines.

Details: